| 000 | 01433cam a2200385 i 4500 | ||
|---|---|---|---|
| 999 |
_c5842 _d5842 |
||
| 001 | 5842 | ||
| 003 | Mx-PuUPA | ||
| 005 | 20200716105504.0 | ||
| 008 | 140415s1988 mx a r 000 0 spa d | ||
| 020 | _a9682514703 | ||
| 020 | _a9682514754 (v.1) | ||
| 020 | _a9682514762 (v.2) | ||
| 020 | _a9682514770 (v.3) | ||
| 020 | _a9682514789 (v.4) | ||
| 040 |
_aMx-PuUPA _bspa _cMx-PuUPA _dMx-PuUPA _erda |
||
| 041 | 1 |
_aspa _heng |
|
| 100 | 1 |
_aAvery, Mary Ellen, _d1927-2011 _eautor _98451 |
|
| 240 | 1 | 0 |
_aShaffer's. Deseases of the newborn. _lEspañol |
| 245 | 1 | 0 |
_aShaffer : _bmanual del recién nacido / _cMary Ellen Avery, William Taeusch ; traducción, Antonio Arbelo López de Letona [y otros tres] |
| 250 | _aPrimera edición | ||
| 264 | 4 |
_aMéxico, D.F. : _bNueva Editorial Interamericana, _c©1988 |
|
| 300 |
_a4 volúmenes (paginación varía) : _bilustraciones ; _c29 cm. |
||
| 336 |
_2rdacontent _atexto _btxt |
||
| 337 |
_2rdamedia _asin medio _bn |
||
| 338 |
_2rdacarrier _avolumen _bnc |
||
| 650 | 4 |
_aNiños recién nacidos _xEnfermedades |
|
| 650 | 4 | _aNiños recién nacidos | |
| 650 | 4 | _aPediatría | |
| 700 | 1 |
_aTaeusch, William, _eautor |
|
| 700 | 1 |
_aLópez de Letona, Antonio Arbelo, _etraductor |
|
| 700 | 1 |
_iTraducción de (obra): _aAvery, Mary Ellen, _d1927-2011. _tShaffer's. Deseases of the newborn |
|
| 942 |
_2ddc _cLI _h618.92 _iA948 |
||